000 00481nam a22001697a 4500
003 BD-DhUL
005 20171122110313.0
008 171122snd. xx ||||| |||| 00| 0 per d
040 _aBD-DhUL
_cBD-DhUL
082 _a891.551
_bSIN
100 0 _aصدیق بن حسن
245 0 _aنفح الطیب من ذکر المنزل و الجیب /
_cصدیق بن حسن
260 _a:
_b،
_c۔
300 _aص۔ ۷۴ ؛
_c۳۰ سم۔
650 0 _aPersian poetry
942 _2ddc
_cBK
999 _c232342
_d232342